Guia de l'edificació sostenible / Fundació Privada Institut Ildefons Cerdà
ISBN:
84-87104-38-X
Publicado:
Barcelona :
Generalitat de Catalunya, Direcció General d'Actuacions Concertades, Arquitectura i Habitatge [etc.] ,
1999
Descripción Física:
215 p. ; 29 cm
Materias:
Construcció -- Aspectes ambientals
MARC
| LEADER | 00000nam a2200000Ia 4500 | ||
|---|---|---|---|
| 001 | 12271 | ||
| 008 | 160829s1999 xx 000 0 cat d | ||
| 020 | |a 84-87104-38-X | ||
| 080 | |a C-1-153 | ||
| 245 | |a Guia de l'edificació sostenible / Fundació Privada Institut Ildefons Cerdà | ||
| 250 | |a 2a ed. | ||
| 260 | |a Barcelona : |b Generalitat de Catalunya, Direcció General d'Actuacions Concertades, Arquitectura i Habitatge [etc.], |c 1999 | ||
| 300 | |a 215 p. ; |c 29 cm | ||
| 650 | |a Construcció |x Aspectes ambientals |9 46099 | ||
| 700 | |a Catalunya. Direcció General d'Actuacions Concertades, Arquitectura i Habitatge |9 38047 | ||
| 710 | 1 | |a Institut Cerdà (Barcelona) |9 4426 | |
| 901 | |a Arxiu | ||
| 942 | |n 1 | ||
| 952 | |0 0 |1 0 |4 0 |6 C1153 |7 1 |9 48218 |a Arxiu |b Arxiu |d 2016-12-01 |l 0 |o C-1-153 |p 12271 |r 2016-12-01 00:00:00 |w 2016-12-01 |y ARXIU | ||
| 999 | |c 52024 |d 52024 | ||